Statistics for Violin Parts

Click here to take the quiz!

General Stats

  • This quiz has been taken 66 times
  • The average score is 9 of 14

Answer Stats

AnswerDescription% Correct
BridgeHolds up the strings
84%
ScrollTop of violin
84%
Chin RestResting spot for face
82%
FingerboardA place for digits
79%
Tuning PegsHelp hold strings in place
77%
NeckSkinny long bit
75%
Shoulder RestWhat the violin rests on
70%
BodyMain part of violin
65%
Fine TunersOn top of this ^
60%
Peg BoxA box near the top
56%
F HolesAmplifies sound
54%
TailpieceHolds the other side of the strings
53%
Sound PostInside the violin
49%
WaistMiddle of violin
25%

Score Distribution

Percentile by Number Answered

Percent of People with Each Score

Your Score History

You have not taken this quiz